| 000 | 00460cam a2200193ua 4500 | ||
|---|---|---|---|
| 001 | 9278 | ||
| 005 | 20260515114441.0 | ||
| 008 | 150225n xxk |||gr||||Z||||||eng | ||
| 020 | _a0192816810 | ||
| 040 | _cMAIN | ||
| 041 | _aeng | ||
| 082 | _a823N | ||
| 100 |
_aLetley, E., _eEditor. |
||
| 245 | 1 |
_aRobert Louis Stevenson treasure island _cEdited by Emma Letley |
|
| 250 | _a1st. | ||
| 260 |
_aLondon: _bOxford, _c1992. |
||
| 300 | _axxx,210p. | ||
| 942 | _cBK | ||
| 999 |
_c8338 _d8338 |
||